| 000 | 00356nam a2200145 a 4500 | ||
|---|---|---|---|
| 008 | 030211s1959||||xx 0 und c | ||
| 040 |
_aSNK _bslo _cSNK _eAACR2 |
||
| 100 | 1 | _aStaněk, Koštial | |
| 245 | 1 | 0 | _aTatranský pozdrav |
| 260 |
_aBratislava _bVydavateľstvo Šport _c1959 |
||
| 300 | _a111 s. | ||
| 020 | _c60 | ||
| 044 |
_axo _cSK |
||
| 041 | _aslo | ||
| 999 |
_c19756 _d19756 |
||